[Event "Campeonato España Sub 18"]
[Site "Salobreña"]
[Date "2017.08.05"]
[Round "9"]
[White "Esquivias Quintero, Luis Manuel"]
[Black "Munoz Avila, Jose Luis"]
[Result "1-0"]
[Board "17"]
[WhiteElo "2069"]
[WhiteCountry "ESP"]
[WhiteFideId "32018215"]
[WhiteEloChange "13"]
[BlackElo "2176"]
[BlackCountry "ESP"]
[BlackFideId "32090692"]
[BlackEloChange "-13"]

1. e4 {[%clk 1:30:30]} e5 {[%clk 1:30:30]} 2. Nf3 {[%clk 1:30:30]} d6 {[%clk
1:30:30]} 3. d4 {[%clk 1:30:30]} exd4 {[%clk 1:30:30]} 4. Nxd4 {[%clk 1:30:30]}
Nf6 {[%clk 1:30:30]} 5. Nc3 {[%clk 1:30:30]} Be7 {[%clk 1:30:30]} 6. g3 {[%clk
1:30:30]} O-O {[%clk 1:30:30]} 7. Bg2 {[%clk 1:30:30]} Re8 {[%clk 1:30:30]} 8.
O-O {[%clk 1:30:30]} Bf8 {[%clk 1:30:30]} 9. h3 {[%clk 1:30:30]} c6 {[%clk
1:30:30]} 10. a4 {[%clk 1:30:30]} a5 {[%clk 1:30:30]} 11. b3 {[%clk 1:30:30]} Na6
{[%clk 1:30:30]} 12. Bb2 {[%clk 1:30:30]} Nc5 {[%clk 1:30:30]} 13. Re1 {[%clk
1:30:30]} g6 {[%clk 1:30:30]} 14. Qd2 {[%clk 1:30:30]} Bd7 {[%clk 1:30:30]} 15.
f4 {[%clk 1:30:30]} Qc7 {[%clk 1:30:30]} 16. Qf2 {[%clk 1:30:30]} Bg7 {[%clk
1:30:30]} 17. g4 {[%clk 1:30:30]} h5 {[%clk 1:30:30]} 18. g5 {[%clk 1:30:30]} Nh7
{[%clk 1:30:30]} 19. Rad1 {[%clk 1:30:30]} Rad8 {[%clk 1:30:30]} 20. Kh1 {[%clk
1:30:30]} Bc8 {[%clk 1:30:30]} 21. Re2 {[%clk 1:30:30]} Nf8 {[%clk 1:30:30]} 22.
Rf1 {[%clk 1:30:30]} Nce6 {[%clk 1:30:30]} 23. Nxe6 {[%clk 1:30:30]} Nxe6 {[%clk
1:30:30]} 24. Nd1 {[%clk 1:30:30]} Bxb2 {[%clk 1:30:30]} 25. Nxb2 {[%clk
1:30:30]} Ng7 {[%clk 1:30:30]} 26. Qa7 {[%clk 1:30:30]} d5 {[%clk 1:30:30]} 27.
Rfe1 {[%clk 1:30:30]} dxe4 {[%clk 1:30:30]} 28. Rxe4 {[%clk 1:30:30]} Rxe4 {[%clk
1:30:30]} 29. Rxe4 {[%clk 1:30:30]} Bf5 {[%clk 1:30:30]} 30. Re5 {[%clk 1:30:30]}
Ne6 {[%clk 1:30:30]} 31. Qf2 {[%clk 1:30:30]} Qd6 {[%clk 1:30:30]} 32. Nc4 {[%clk
1:30:30]} Qd1+ {[%clk 1:30:30]} 33. Kh2 {[%clk 1:30:30]} Qxc2 {[%clk 1:30:30]}
34. Qxc2 {[%clk 1:30:30]} Bxc2 {[%clk 1:30:30]} 35. Nxa5 {[%clk 1:30:30]} Nxf4
{[%clk 1:30:30]} 36. Kg3 {[%clk 1:30:30]} Ne6 {[%clk 1:30:30]} 37. Nxb7 {[%clk
1:30:30]} Rd3+ {[%clk 1:30:30]} 38. Kf2 {[%clk 1:30:30]} Rd2+ {[%clk 1:30:30]}
39. Re2 {[%clk 1:30:30]} Rxe2+ {[%clk 1:30:30]} 40. Kxe2 {[%clk 1:30:30]} Bxb3
{[%clk 1:30:30]} 41. a5 {[%clk 1:30:30]} Bc4+ {[%clk 1:30:30]} 42. Ke3 {[%clk
1:30:30]} Kf8 {[%clk 1:30:30]} 43. Nd6 {[%clk 1:30:30]} Ba6 {[%clk 1:30:30]} 44.
Bxc6 {[%clk 1:30:30]} Ke7 {[%clk 1:30:30]} 45. Ne4 {[%clk 1:30:30]} h4 {[%clk
1:30:30]} 46. Bd5 {[%clk 1:30:30]} Bf1 {[%clk 1:30:30]} 47. Bxe6 {[%clk 1:30:30]}
Kxe6 {[%clk 1:30:30]} 48. Kf4 {[%clk 1:30:30]} Kd5 {[%clk 1:30:30]} 49. Nf6+
{[%clk 1:30:30]} Kc5 {[%clk 1:30:30]} 50. Kg4 {[%clk 1:30:30]} Kb5 {[%clk
1:30:30]} 51. Ne8 {[%clk 1:30:30]} Kc6 {[%clk 1:30:30]} 52. Kxh4 {[%clk 1:30:30]}
Bg2 {[%clk 1:30:30]} 53. Kg3 {[%clk 1:30:30]} Bh1 {[%clk 1:30:30]} 54. Kf4 {[%clk
1:30:30]} Kd7 {[%clk 1:30:30]} 55. Nf6+ {[%clk 1:30:30]} Ke6 {[%clk 1:30:30]} 56.
Ne4 {[%clk 1:30:30]} Kd5 {[%clk 1:30:30]} 57. Nf6+ {[%clk 1:30:30]} Ke6 {[%clk
1:30:30]} 58. a6 {[%clk 1:30:30]} Bc6 {[%clk 1:30:30]} 59. a7 {[%clk 1:30:30]}
Bb7 {[%clk 1:30:30]} 60. h4 {[%clk 1:30:30]} Bc6 {[%clk 1:30:30]} 61. Ne4 {[%clk
1:30:30]} Kd5 {[%clk 1:30:30]} 62. Nf6+ {[%clk 1:30:30]} Ke6 {[%clk 1:30:30]} 63.
Ke3 {[%clk 1:30:30]} Ke5 {[%clk 1:30:30]} 64. Ng4+ {[%clk 1:30:30]} Kf5 {[%clk
1:30:30]} 65. Nh6+ {[%clk 1:30:30]} Ke6 {[%clk 1:30:30]} 66. Kd4 {[%clk 1:30:30]}
f6 {[%clk 1:30:30]} 67. Kc5 {[%clk 1:30:30]} Bf3 {[%clk 1:30:30]} 68. gxf6 {[%clk
1:30:30]} Kxf6 {[%clk 1:30:30]} 69. Kd6 {[%clk 1:30:30]} Ba8 {[%clk 1:30:30]} 70.
Ng4+ {[%clk 1:30:30]} Kf5 {[%clk 1:30:30]} 71. Ne3+ {[%clk 1:30:30]} Kf4 {[%clk
1:30:30]} 72. Nd5+ {[%clk 1:30:30]} Kg4 {[%clk 1:30:30]} 73. Nb6 {[%clk 1:30:30]}
Bb7 {[%clk 1:30:30]} 74. Kc7 {[%clk 1:30:30]} Bf3 {[%clk 1:30:30]} 75. Nc4 {[%clk
1:30:30]} Ba8 {[%clk 1:30:30]} 76. Kb8 {[%clk 1:30:30]} Bh1 {[%clk 1:30:30]} 77.
Na5 {[%clk 1:30:30]} Kxh4 {[%clk 1:30:30]} 78. Nb7 {[%clk 1:30:30]} Bxb7 {[%clk
1:30:30]} 79. Kxb7 {[%clk 1:30:30]} g5 {[%clk 1:30:30]} 80. a8Q {[%clk 1:30:30]}
g4 {[%clk 1:30:30]} 81. Qa1 {[%clk 1:30:30]} Kg3 {[%clk 1:30:30]} 82. Qg1+ {[%clk
1:30:30]} Kf3 {[%clk 1:30:30]} 83. Kc6 {[%clk 1:30:30]} g3 {[%clk 1:30:30]} 84.
Kd5 {[%clk 1:30:30]} g2 {[%clk 1:30:30]} 85. Ke5 {[%clk 1:30:30]} 1-0

[Event "Campeonato España Sub 18"]
[Site "Salobreña"]
[Date "2017.08.05"]
[Round "9"]
[White "Pulido Esteban, Francisco Daniel"]
[Black "Vidal Fernandez, Pablo"]
[Result "0-1"]
[Board "18"]
[WhiteElo "2065"]
[WhiteCountry "ESP"]
[WhiteFideId "22274839"]
[WhiteEloChange "-7"]
[BlackElo "2167"]
[BlackCountry "ESP"]
[BlackFideId "32041705"]
[BlackEloChange "7"]

1. e4 {[%clk 1:30:30]} e6 {[%clk 1:30:30]} 2. d4 {[%clk 1:30:30]} d5 {[%clk
1:30:30]} 3. Bd3 {[%clk 1:30:30]} dxe4 {[%clk 1:30:30]} 4. Bxe4 {[%clk 1:30:30]}
Nf6 {[%clk 1:30:30]} 5. Bf3 {[%clk 1:30:30]} c5 {[%clk 1:30:30]} 6. Ne2 {[%clk
1:30:30]} Nc6 {[%clk 1:30:30]} 7. Be3 {[%clk 1:30:30]} e5 {[%clk 1:30:30]} 8.
Bxc6+ {[%clk 1:30:30]} bxc6 {[%clk 1:30:30]} 9. dxe5 {[%clk 1:30:30]} Qxd1+
{[%clk 1:30:30]} 10. Kxd1 {[%clk 1:30:30]} Ng4 {[%clk 1:30:30]} 11. Nd2 {[%clk
1:30:30]} Nxe5 {[%clk 1:30:30]} 12. f3 {[%clk 1:30:30]} Bf5 {[%clk 1:30:30]} 13.
Ng3 {[%clk 1:30:30]} Be6 {[%clk 1:30:30]} 14. Re1 {[%clk 1:30:30]} O-O-O {[%clk
1:30:30]} 15. Kc1 {[%clk 1:30:30]} f6 {[%clk 1:30:30]} 16. Nge4 {[%clk 1:30:30]}
Nd7 {[%clk 1:30:30]} 17. Nb3 {[%clk 1:30:30]} c4 {[%clk 1:30:30]} 18. Nbc5 {[%clk
1:30:30]} Bd5 {[%clk 1:30:30]} 19. b4 {[%clk 1:30:30]} Bxe4 {[%clk 1:30:30]} 20.
fxe4 {[%clk 1:30:30]} Bxc5 {[%clk 1:30:30]} 21. Bxc5 {[%clk 1:30:30]} Nxc5 {[%clk
1:30:30]} 22. bxc5 {[%clk 1:30:30]} Rhe8 {[%clk 1:30:30]} 23. Re2 {[%clk
1:30:30]} Rd4 {[%clk 1:30:30]} 24. e5 {[%clk 1:30:30]} Rxe5 {[%clk 1:30:30]} 25.
Rxe5 {[%clk 1:30:30]} fxe5 {[%clk 1:30:30]} 26. Kb2 {[%clk 1:30:30]} Rd2 {[%clk
1:30:30]} 27. Rg1 {[%clk 1:30:30]} e4 {[%clk 1:30:30]} 28. Kc3 {[%clk 1:30:30]}
e3 {[%clk 1:30:30]} 29. h3 {[%clk 1:30:30]} Rf2 {[%clk 1:30:30]} 30. Re1 {[%clk
1:30:30]} e2 {[%clk 1:30:30]} 31. g4 {[%clk 1:30:30]} Rh2 {[%clk 1:30:30]} 32.
Kxc4 {[%clk 1:30:30]} Rxh3 {[%clk 1:30:30]} 33. Rxe2 {[%clk 1:30:30]} Rh4 {[%clk
1:30:30]} 34. Re8+ {[%clk 1:30:30]} Kd7 {[%clk 1:30:30]} 35. Ra8 {[%clk 1:30:30]}
Rxg4+ {[%clk 1:30:30]} 36. Kb3 {[%clk 1:30:30]} h5 {[%clk 1:30:30]} 37. Rxa7+
{[%clk 1:30:30]} Kc8 {[%clk 1:30:30]} 38. Ra8+ {[%clk 1:30:30]} Kb7 {[%clk
1:30:30]} 39. Rh8 {[%clk 1:30:30]} h4 {[%clk 1:30:30]} 40. Kc3 {[%clk 1:30:30]}
g5 {[%clk 1:30:30]} 41. Kd2 {[%clk 1:30:30]} Rg2+ {[%clk 1:30:30]} 42. Kd1 {[%clk
1:30:30]} Rh2 {[%clk 1:30:30]} 43. Rg8 {[%clk 1:30:30]} h3 {[%clk 1:30:30]} 44.
Rxg5 {[%clk 1:30:30]} Rg2 {[%clk 1:30:30]} 0-1

[Event "Campeonato España Sub 18"]
[Site "Salobreña"]
[Date "2017.08.05"]
[Round "9"]
[White "Martinez Pla, Xavier"]
[Black "Presa Villa, Andres"]
[Result "1-0"]
[Board "19"]
[WhiteElo "2166"]
[WhiteCountry "ESP"]
[WhiteFideId "32074271"]
[WhiteEloChange "7"]
[BlackElo "2058"]
[BlackCountry "ESP"]
[BlackFideId "32008651"]
[BlackEloChange "-7"]

1. e4 {[%clk 1:30:30]} c6 {[%clk 1:30:30]} 2. d4 {[%clk 1:30:30]} d5 {[%clk
1:30:30]} 3. e5 {[%clk 1:30:30]} Bf5 {[%clk 1:30:30]} 4. Nf3 {[%clk 1:30:30]} e6
{[%clk 1:30:30]} 5. Be2 {[%clk 1:30:30]} Nd7 {[%clk 1:30:30]} 6. O-O {[%clk
1:30:30]} Bg6 {[%clk 1:30:30]} 7. Nbd2 {[%clk 1:30:30]} Nh6 {[%clk 1:30:30]} 8.
Nb3 {[%clk 1:30:30]} Be7 {[%clk 1:30:30]} 9. a4 {[%clk 1:30:30]} O-O {[%clk
1:30:30]} 10. a5 {[%clk 1:30:30]} a6 {[%clk 1:30:30]} 11. c4 {[%clk 1:30:30]} f6
{[%clk 1:30:30]} 12. cxd5 {[%clk 1:30:30]} cxd5 {[%clk 1:30:30]} 13. Bd3 {[%clk
1:30:30]} Bxd3 {[%clk 1:30:30]} 14. Qxd3 {[%clk 1:30:30]} Nf7 {[%clk 1:30:30]}
15. exf6 {[%clk 1:30:30]} Bxf6 {[%clk 1:30:30]} 16. Bf4 {[%clk 1:30:30]} Ng5
{[%clk 1:30:30]} 17. Bxg5 {[%clk 1:30:30]} Bxg5 {[%clk 1:30:30]} 18. Rfe1 {[%clk
1:30:30]} Re8 {[%clk 1:30:30]} 19. Re2 {[%clk 1:30:30]} Rc8 {[%clk 1:30:30]} 20.
Rae1 {[%clk 1:30:30]} Rc6 {[%clk 1:30:30]} 21. g3 {[%clk 1:30:30]} Bf6 {[%clk
1:30:30]} 22. h4 {[%clk 1:30:30]} Qe7 {[%clk 1:30:30]} 23. Kg2 {[%clk 1:30:30]}
Qb4 {[%clk 1:30:30]} 24. g4 {[%clk 1:30:30]} e5 {[%clk 1:30:30]} 25. Nxe5 {[%clk
1:30:30]} Bxe5 {[%clk 1:30:30]} 26. dxe5 {[%clk 1:30:30]} Qxg4+ {[%clk 1:30:30]}
27. Qg3 {[%clk 1:30:30]} Qf5 {[%clk 1:30:30]} 28. Nd4 {[%clk 1:30:30]} Qg6 {[%clk
1:30:30]} 29. Nxc6 {[%clk 1:30:30]} Qxc6 {[%clk 1:30:30]} 30. f4 {[%clk 1:30:30]}
Nc5 {[%clk 1:30:30]} 31. Qf3 {[%clk 1:30:30]} Ne4 {[%clk 1:30:30]} 32. Rxe4
{[%clk 1:30:30]} dxe4 {[%clk 1:30:30]} 33. Qxe4 {[%clk 1:30:30]} Qxe4+ {[%clk
1:30:30]} 34. Rxe4 {[%clk 1:30:30]} Rc8 {[%clk 1:30:30]} 35. Rb4 {[%clk 1:30:30]}
Rc7 {[%clk 1:30:30]} 36. Kf3 {[%clk 1:30:30]} Rc5 {[%clk 1:30:30]} 37. Rxb7
{[%clk 1:30:30]} Rxa5 {[%clk 1:30:30]} 38. Ke4 {[%clk 1:30:30]} 1-0

[Event "Campeonato España Sub 18"]
[Site "Salobreña"]
[Date "2017.08.05"]
[Round "9"]
[White "Perez Tores, Juan Miguel"]
[Black "Porlan Minarro, Antonio"]
[Result "0-1"]
[Board "20"]
[WhiteElo "2163"]
[WhiteCountry "ESP"]
[WhiteFideId "22247602"]
[WhiteEloChange "-13"]
[BlackElo "2038"]
[BlackCountry "ESP"]
[BlackFideId "22294821"]
[BlackEloChange "13"]

1. e4 {[%clk 1:30:30]} c5 {[%clk 1:30:30]} 2. Nf3 {[%clk 1:30:30]} a6 {[%clk
1:30:30]} 3. Nc3 {[%clk 1:30:30]} Nc6 {[%clk 1:30:30]} 4. d4 {[%clk 1:30:30]}
cxd4 {[%clk 1:30:30]} 5. Nxd4 {[%clk 1:30:30]} e5 {[%clk 1:30:30]} 6. Nf5 {[%clk
1:30:30]} d6 {[%clk 1:30:30]} 7. Ne3 {[%clk 1:30:30]} Nf6 {[%clk 1:30:30]} 8. Bc4
{[%clk 1:30:30]} Be7 {[%clk 1:30:30]} 9. O-O {[%clk 1:30:30]} Be6 {[%clk
1:30:30]} 10. Bd5 {[%clk 1:30:30]} Rc8 {[%clk 1:30:30]} 11. Kh1 {[%clk 1:30:30]}
O-O {[%clk 1:30:30]} 12. f3 {[%clk 1:30:30]} Nh5 {[%clk 1:30:30]} 13. Ne2 {[%clk
1:30:30]} Bg5 {[%clk 1:30:30]} 14. c3 {[%clk 1:30:30]} Qe7 {[%clk 1:30:30]} 15.
Nc2 {[%clk 1:30:30]} Rfd8 {[%clk 1:30:30]} 16. Be3 {[%clk 1:30:30]} Bxe3 {[%clk
1:30:30]} 17. Nxe3 {[%clk 1:30:30]} Qg5 {[%clk 1:30:30]} 18. Qc1 {[%clk 1:30:30]}
Nd4 {[%clk 1:30:30]} 19. Ng3 {[%clk 1:30:30]} Nxg3+ {[%clk 1:30:30]} 20. hxg3
{[%clk 1:30:30]} Ne2 {[%clk 1:30:30]} 0-1

[Event "Campeonato España Sub 18"]
[Site "Salobreña"]
[Date "2017.08.05"]
[Round "9"]
[White "Orteu Capdevila, Max"]
[Black "Gillis Onieva, Celia"]
[Result "1-0"]
[Board "21"]
[WhiteElo "2161"]
[WhiteCountry "ESP"]
[WhiteFideId "32075359"]
[WhiteEloChange "6"]
[BlackElo "2032"]
[BlackCountry "ESP"]
[BlackFideId "32092652"]
[BlackEloChange "-6"]

1. d4 {[%clk 1:30:30]} Nf6 {[%clk 1:30:30]} 2. Nf3 {[%clk 1:30:30]} g6 {[%clk
1:30:30]} 3. Bg5 {[%clk 1:30:30]} Bg7 {[%clk 1:30:30]} 4. Nbd2 {[%clk 1:30:30]}
O-O {[%clk 1:30:30]} 5. c3 {[%clk 1:30:30]} d6 {[%clk 1:30:30]} 6. e4 {[%clk
1:30:30]} c5 {[%clk 1:30:30]} 7. dxc5 {[%clk 1:30:30]} dxc5 {[%clk 1:30:30]} 8.
Bc4 {[%clk 1:30:30]} Nc6 {[%clk 1:30:30]} 9. Qe2 {[%clk 1:30:30]} Qc7 {[%clk
1:30:30]} 10. O-O {[%clk 1:30:30]} Nd7 {[%clk 1:30:30]} 11. Bb3 {[%clk 1:30:30]}
b6 {[%clk 1:30:30]} 12. Rad1 {[%clk 1:30:30]} Bb7 {[%clk 1:30:30]} 13. Rfe1
{[%clk 1:30:30]} Rad8 {[%clk 1:30:30]} 14. Nf1 {[%clk 1:30:30]} Nde5 {[%clk
1:30:30]} 15. Nxe5 {[%clk 1:30:30]} Bxe5 {[%clk 1:30:30]} 16. Qg4 {[%clk
1:30:30]} Rxd1 {[%clk 1:30:30]} 17. Rxd1 {[%clk 1:30:30]} Bc8 {[%clk 1:30:30]}
18. Qh4 {[%clk 1:30:30]} Rd8 {[%clk 1:30:30]} 19. Re1 {[%clk 1:30:30]} Kg7 {[%clk
1:30:30]} 20. Ne3 {[%clk 1:30:30]} Bf6 {[%clk 1:30:30]} 21. Qh6+ {[%clk 1:30:30]}
Kg8 {[%clk 1:30:30]} 22. Bxf7+ {[%clk 1:30:30]} Kxf7 {[%clk 1:30:30]} 23. Bxf6
{[%clk 1:30:30]} Kxf6 {[%clk 1:30:30]} 24. Nd5+ {[%clk 1:30:30]} Rxd5 {[%clk
1:30:30]} 25. exd5 {[%clk 1:30:30]} Ne5 {[%clk 1:30:30]} 26. Qf4+ {[%clk
1:30:30]} Bf5 {[%clk 1:30:30]} 27. g4 {[%clk 1:30:30]} Qd6 {[%clk 1:30:30]} 28.
Rxe5 {[%clk 1:30:30]} 1-0

[Event "Campeonato España Sub 18"]
[Site "Salobreña"]
[Date "2017.08.05"]
[Round "9"]
[White "Villemur Tamarit, Juan"]
[Black "Puga Sanchez, Miguel"]
[Result "0-1"]
[Board "22"]
[WhiteElo "2146"]
[WhiteCountry "ESP"]
[WhiteFideId "22280332"]
[WhiteEloChange "-13"]
[BlackElo "2030"]
[BlackCountry "ESP"]
[BlackFideId "22275096"]
[BlackEloChange "13"]

1. d4 {[%clk 1:30:30]} Nf6 {[%clk 1:30:30]} 2. Nf3 {[%clk 1:30:30]} g6 {[%clk
1:30:30]} 3. c4 {[%clk 1:30:30]} Bg7 {[%clk 1:30:30]} 4. Nc3 {[%clk 1:30:30]} d6
{[%clk 1:30:30]} 5. e4 {[%clk 1:30:30]} O-O {[%clk 1:30:30]} 6. Be2 {[%clk
1:30:30]} e5 {[%clk 1:30:30]} 7. d5 {[%clk 1:30:30]} a5 {[%clk 1:30:30]} 8. O-O
{[%clk 1:30:30]} Na6 {[%clk 1:30:30]} 9. a3 {[%clk 1:30:30]} Nc5 {[%clk 1:30:30]}
10. Qc2 {[%clk 1:30:30]} a4 {[%clk 1:30:30]} 11. Be3 {[%clk 1:30:30]} Nfd7 {[%clk
1:30:30]} 12. Nd2 {[%clk 1:30:30]} f5 {[%clk 1:30:30]} 13. f3 {[%clk 1:30:30]} f4
{[%clk 1:30:30]} 14. Bf2 {[%clk 1:30:30]} g5 {[%clk 1:30:30]} 15. b3 {[%clk
1:30:30]} axb3 {[%clk 1:30:30]} 16. Nxb3 {[%clk 1:30:30]} Rf6 {[%clk 1:30:30]}
17. Rfd1 {[%clk 1:30:30]} Bf8 {[%clk 1:30:30]} 18. Nb5 {[%clk 1:30:30]} Rg6
{[%clk 1:30:30]} 19. a4 {[%clk 1:30:30]} h5 {[%clk 1:30:30]} 20. Qc3 {[%clk
1:30:30]} g4 {[%clk 1:30:30]} 21. Bxc5 {[%clk 1:30:30]} dxc5 {[%clk 1:30:30]} 22.
a5 {[%clk 1:30:30]} Raa6 {[%clk 1:30:30]} 23. Rd3 {[%clk 1:30:30]} Bd6 {[%clk
1:30:30]} 24. Qe1 {[%clk 1:30:30]} g3 {[%clk 1:30:30]} 25. h3 {[%clk 1:30:30]}
Qh4 {[%clk 1:30:30]} 26. Bf1 {[%clk 1:30:30]} Nf6 {[%clk 1:30:30]} 27. Rd2 {[%clk
1:30:30]} Nh7 {[%clk 1:30:30]} 28. Raa2 {[%clk 1:30:30]} Ng5 {[%clk 1:30:30]} 29.
Rd3 {[%clk 1:30:30]} Bxh3 {[%clk 1:30:30]} 30. gxh3 {[%clk 1:30:30]} Nxh3+ {[%clk
1:30:30]} 31. Bxh3 {[%clk 1:30:30]} Qxh3 {[%clk 1:30:30]} 32. Qf1 {[%clk
1:30:30]} Qd7 {[%clk 1:30:30]} 33. Nxd6 {[%clk 1:30:30]} cxd6 {[%clk 1:30:30]}
34. Kg2 {[%clk 1:30:30]} h4 {[%clk 1:30:30]} 35. Qh1 {[%clk 1:30:30]} h3+ {[%clk
1:30:30]} 36. Qxh3 {[%clk 1:30:30]} Qxh3+ {[%clk 1:30:30]} 37. Kxh3 {[%clk
1:30:30]} Rh6+ {[%clk 1:30:30]} 38. Kg4 {[%clk 1:30:30]} Kf7 {[%clk 1:30:30]} 39.
Nxc5 {[%clk 1:30:30]} Ra8 {[%clk 1:30:30]} 0-1

[Event "Campeonato España Sub 18"]
[Site "Salobreña"]
[Date "2017.08.05"]
[Round "9"]
[White "Chao Vale, Fernando"]
[Black "Gonzalez Capacete, Jose Miguel"]
[Result "1-0"]
[Board "23"]
[WhiteElo "2139"]
[WhiteCountry "ESP"]
[WhiteFideId "22241663"]
[WhiteEloChange "5"]
[BlackElo "1955"]
[BlackCountry "ESP"]
[BlackFideId "22294589"]
[BlackEloChange "-5"]

1. e4 {[%clk 1:30:30]} c5 {[%clk 1:30:30]} 2. Nf3 {[%clk 1:30:30]} d6 {[%clk
1:30:30]} 3. d4 {[%clk 1:30:30]} cxd4 {[%clk 1:30:30]} 4. Qxd4 {[%clk 1:30:30]}
Nf6 {[%clk 1:30:30]} 5. Nc3 {[%clk 1:30:30]} g6 {[%clk 1:30:30]} 6. Be3 {[%clk
1:30:30]} Bg7 {[%clk 1:30:30]} 7. O-O-O {[%clk 1:30:30]} O-O {[%clk 1:30:30]} 8.
Qd2 {[%clk 1:30:30]} Nc6 {[%clk 1:30:30]} 9. Bh6 {[%clk 1:30:30]} Qa5 {[%clk
1:30:30]} 10. Bxg7 {[%clk 1:30:30]} Kxg7 {[%clk 1:30:30]} 11. Kb1 {[%clk
1:30:30]} Be6 {[%clk 1:30:30]} 12. Ng5 {[%clk 1:30:30]} Rac8 {[%clk 1:30:30]} 13.
Nxe6+ {[%clk 1:30:30]} fxe6 {[%clk 1:30:30]} 14. f3 {[%clk 1:30:30]} Ne5 {[%clk
1:30:30]} 15. h4 {[%clk 1:30:30]} h5 {[%clk 1:30:30]} 16. Nb5 {[%clk 1:30:30]}
Qb6 {[%clk 1:30:30]} 17. Nd4 {[%clk 1:30:30]} Kf7 {[%clk 1:30:30]} 18. g4 {[%clk
1:30:30]} hxg4 {[%clk 1:30:30]} 19. fxg4 {[%clk 1:30:30]} Nc4 {[%clk 1:30:30]}
20. Bxc4 {[%clk 1:30:30]} Rxc4 {[%clk 1:30:30]} 21. g5 {[%clk 1:30:30]} e5 {[%clk
1:30:30]} 22. Nb3 {[%clk 1:30:30]} Rxe4 {[%clk 1:30:30]} 23. gxf6 {[%clk
1:30:30]} exf6 {[%clk 1:30:30]} 24. Qd5+ {[%clk 1:30:30]} 1-0

[Event "Campeonato España Sub 18"]
[Site "Salobreña"]
[Date "2017.08.05"]
[Round "9"]
[White "Redondo Benavente, Ana"]
[Black "Calvo Simon, Jorge"]
[Result "1/2-1/2"]
[Board "24"]
[WhiteTitle "WFM"]
[WhiteElo "2026"]
[WhiteCountry "ESP"]
[WhiteFideId "32021674"]
[WhiteEloChange "3"]
[BlackElo "2128"]
[BlackCountry "ESP"]
[BlackFideId "22216340"]
[BlackEloChange "-3"]

1. d4 {[%clk 1:30:30]} Nf6 {[%clk 1:30:30]} 2. Bf4 {[%clk 1:30:30]} g6 {[%clk
1:30:30]} 3. Nc3 {[%clk 1:30:30]} d5 {[%clk 1:30:30]} 4. e3 {[%clk 1:30:30]} Bg7
{[%clk 1:30:30]} 5. h4 {[%clk 1:30:30]} h5 {[%clk 1:30:30]} 6. Nb5 {[%clk
1:30:30]} Na6 {[%clk 1:30:30]} 7. Nf3 {[%clk 1:30:30]} c6 {[%clk 1:30:30]} 8. Nc3
{[%clk 1:30:30]} Qb6 {[%clk 1:30:30]} 9. a3 {[%clk 1:30:30]} Bf5 {[%clk 1:30:30]}
10. b4 {[%clk 1:30:30]} Nb8 {[%clk 1:30:30]} 11. Na4 {[%clk 1:30:30]} Qd8 {[%clk
1:30:30]} 12. Bd3 {[%clk 1:30:30]} Bxd3 {[%clk 1:30:30]} 13. Qxd3 {[%clk
1:30:30]} O-O {[%clk 1:30:30]} 14. O-O {[%clk 1:30:30]} Nbd7 {[%clk 1:30:30]} 15.
Ne5 {[%clk 1:30:30]} Nxe5 {[%clk 1:30:30]} 16. Bxe5 {[%clk 1:30:30]} b6 {[%clk
1:30:30]} 17. Nb2 {[%clk 1:30:30]} b5 {[%clk 1:30:30]} 18. a4 {[%clk 1:30:30]} a6
{[%clk 1:30:30]} 19. Ra3 {[%clk 1:30:30]} Qb6 {[%clk 1:30:30]} 20. Rfa1 {[%clk
1:30:30]} Qb7 {[%clk 1:30:30]} 21. Qb3 {[%clk 1:30:30]} Nd7 {[%clk 1:30:30]} 22.
Bxg7 {[%clk 1:30:30]} Kxg7 {[%clk 1:30:30]} 23. Nd3 {[%clk 1:30:30]} Rfb8 {[%clk
1:30:30]} 24. Qa2 {[%clk 1:30:30]} Nb6 {[%clk 1:30:30]} 25. Nc5 {[%clk 1:30:30]}
Qc8 {[%clk 1:30:30]} 26. axb5 {[%clk 1:30:30]} axb5 {[%clk 1:30:30]} 27. Qb3
{[%clk 1:30:30]} Rxa3 {[%clk 1:30:30]} 28. Rxa3 {[%clk 1:30:30]} Ra8 {[%clk
1:30:30]} 29. Qa2 {[%clk 1:30:30]} Rxa3 {[%clk 1:30:30]} 30. Qxa3 {[%clk
1:30:30]} Qc7 {[%clk 1:30:30]} 31. Qa5 {[%clk 1:30:30]} e6 {[%clk 1:30:30]} 32.
g3 {[%clk 1:30:30]} Qb8 {[%clk 1:30:30]} 33. Qa6 {[%clk 1:30:30]} Qc7 {[%clk
1:30:30]} 34. Qa5 {[%clk 1:30:30]} Qb8 {[%clk 1:30:30]} 35. Qa6 {[%clk 1:30:30]}
Qc7 {[%clk 1:30:30]} 36. Qa5 {[%clk 1:30:30]} 1/2-1/2

[Event "Campeonato España Sub 18"]
[Site "Salobreña"]
[Date "2017.08.05"]
[Round "9"]
[White "Vazquez Pino, Miguel A."]
[Black "Chueca Lorente, Javier"]
[Result "0-1"]
[Board "25"]
[WhiteElo "1786"]
[WhiteCountry "ESP"]
[WhiteFideId "32041713"]
[WhiteEloChange "-3"]
[BlackElo "2112"]
[BlackCountry "ESP"]
[BlackFideId "22216405"]
[BlackEloChange "3"]

1. e4 {[%clk 1:30:30]} c5 {[%clk 1:30:30]} 2. Nf3 {[%clk 1:30:30]} g6 {[%clk
1:30:30]} 3. d4 {[%clk 1:30:30]} cxd4 {[%clk 1:30:30]} 4. Nxd4 {[%clk 1:30:30]}
Bg7 {[%clk 1:30:30]} 5. c4 {[%clk 1:30:30]} Nc6 {[%clk 1:30:30]} 6. Be3 {[%clk
1:30:30]} Nf6 {[%clk 1:30:30]} 7. Nc3 {[%clk 1:30:30]} d6 {[%clk 1:30:30]} 8. Be2
{[%clk 1:30:30]} O-O {[%clk 1:30:30]} 9. Qd2 {[%clk 1:30:30]} Bd7 {[%clk
1:30:30]} 10. O-O {[%clk 1:30:30]} Nxd4 {[%clk 1:30:30]} 11. Bxd4 {[%clk
1:30:30]} Bc6 {[%clk 1:30:30]} 12. f3 {[%clk 1:30:30]} a5 {[%clk 1:30:30]} 13. b3
{[%clk 1:30:30]} Nd7 {[%clk 1:30:30]} 14. Be3 {[%clk 1:30:30]} Nc5 {[%clk
1:30:30]} 15. Rab1 {[%clk 1:30:30]} Be5 {[%clk 1:30:30]} 16. Rfc1 {[%clk
1:30:30]} e6 {[%clk 1:30:30]} 17. Bf1 {[%clk 1:30:30]} f5 {[%clk 1:30:30]} 18.
exf5 {[%clk 1:30:30]} Rxf5 {[%clk 1:30:30]} 19. a3 {[%clk 1:30:30]} Qh4 {[%clk
1:30:30]} 20. g3 {[%clk 1:30:30]} Bxg3 {[%clk 1:30:30]} 21. hxg3 {[%clk 1:30:30]}
Qxg3+ {[%clk 1:30:30]} 22. Qg2 {[%clk 1:30:30]} Qe5 {[%clk 1:30:30]} 23. Qd2
{[%clk 1:30:30]} Rxf3 {[%clk 1:30:30]} 24. Bf2 {[%clk 1:30:30]} Raf8 {[%clk
1:30:30]} 25. Re1 {[%clk 1:30:30]} Qh5 {[%clk 1:30:30]} 0-1